000
00305nam a22001217a 4500
008
160510b xxu||||| |||| 00| 0 eng d
020
_a
9780072438161
020
_a
0072438169
041
_a
eng
080
_a
611
245
_a
Anatomy Physiology the unity of form and function:
_c
Erc Wise;
942
_2
udc
_c
BK
999
_c
1961
_d
1961